Kratkij slovar literaturovedičeskich terminov

Bibliographic Details
Main Author: Timofeev, L. (Author)
Format: Book
Language:Undetermined
PhysicalDescription:178 s.
Published: Moskva Gosudarstvennoe UPI MP 1955

MARC

LEADER 00000nam a2200000 a 4500
001 vtls001346891
003 SK-MaSNL
005 20260302000021.0
008 240318s1955 xx 0 und
035 |a SNK000300139 
040 |a SNK  |b slo  |c SNK  |e AACR2 
100 1 |a Timofeev, L.  |4 aut  |9 634037 
245 1 0 |a Kratkij slovar literaturovedičeskich terminov 
260 |a Moskva  |b Gosudarstvennoe UPI MP  |c 1955 
300 |a 178 s. 
999 |c 977656  |d 979586 
952 |t P60, <04>, [BOOK], {604}  |a SNK  |b SNK  |y VYP  |7 0  |p 17A0167825  |o snkID 58050  |0 0  |1 0  |4 0  |d 1998-10-29  |l 0  |r 2005-01-02 00:00:00  |w 2026-02-24